书目信息 |
| 题名: |
脉法指要
|
|
| 作者: | 张汤敏 , 孙仁平 编著 | |
| 分册: | ||
| 出版信息: | 北京 化学工业出版社 2007 |
|
| 页数: | 477页 | |
| 开本: | 21cm | |
| 丛书名: | ||
| 单 册: | ||
| 中图分类: | R241.2 , R241.1 | |
| 科图分类: | ||
| 主题词: | 脉诊 , 脉学 | |
| 电子资源: | ||
| ISBN: | 978-7-122-00523-6 | |
| 000 | 00814nam0 2200253 450 | |
| 001 | 1536743518 | |
| 005 | 20150130101229.12 | |
| 010 | @a978-7-122-00523-6@dCNY42.00 | |
| 100 | @a20071105d2007 em y0chiy50 ea | |
| 101 | 0 | @achi |
| 102 | @aCN@b110000 | |
| 105 | @ay z 000yy | |
| 200 | 1 | @a脉法指要@9mai fa zhi yao@f张汤敏,孙仁平编著 |
| 210 | @a北京@c化学工业出版社@d2007 | |
| 215 | @a477页@d21cm | |
| 330 | @a本书全面论述了中医脉学的整体观,介绍了脉与季节的变化、与脏腑的关系;以脉的取法为主线,结合临床应用,介绍了“28脉”的现代概念、历代各家论述等。 | |
| 606 | 0 | @a脉诊 |
| 606 | 0 | @a脉学 |
| 690 | @aR241.2@v5 | |
| 690 | @aR241.1@v5 | |
| 701 | 0 | @a张汤敏@9zhang tang min@f(1939~)@4编著 |
| 701 | 0 | @a孙仁平@9sun ren ping@c(医学)@4编著 |
| 801 | 0 | @aCN@bTSSF@c20150130 |
| 905 | @aZUCC@dR241.2@eJY322 | |
| 脉法指要/张汤敏,孙仁平编著.-北京:化学工业出版社,2007 |
| 477页;21cm |
| ISBN 978-7-122-00523-6:CNY42.00 |
| 本书全面论述了中医脉学的整体观,介绍了脉与季节的变化、与脏腑的关系;以脉的取法为主线,结合临床应用,介绍了“28脉”的现代概念、历代各家论述等。 |
| ● |
| 相关链接 |
|
|
|
|
正题名:脉法指要
索取号:R241.2/JY322
 
预约/预借
| 序号 | 登录号 | 条形码 | 馆藏地/架位号 | 状态 | 备注 |
| 1 | 7862718 | 278627185 | 学院路分馆/ [索取号:R241.2/JY322] | 在馆 | |
| 2 | 7862719 | 278627194 | 学院路分馆/ [索取号:R241.2/JY322] | 在馆 |